| 000 | 00466nam a2200169Ia 4500 | ||
|---|---|---|---|
| 003 | GCL | ||
| 008 | 140319s9999 xx 000 0 ara d | ||
| 040 |
_aGCL / _cGCL |
||
| 082 | 0 | 4 |
_aد _b050 |
| 100 | 1 | _aمعوض عبدالله | |
| 245 | 1 | 0 |
_aنساء محاربات ( اقرا 99 ) / _cمعوض عبدالله |
| 300 | _a122 ص | ||
| 490 |
_aوثائق ونصوص _v0 |
||
| 650 | 0 | 4 | _aالمرأة |
| 650 | 0 | 4 | _aالمرأة فى التاريخ |
| 942 |
_2ddc _cCF |
||
| 999 |
_c27224 _d27224 |
||